000 00257nam a2200097Ia 4500
001 1199400
005 20250827021903.0
008 250824s9999 xx 000 0 und d
245 0 _aLORD EDGWAREİ KİM ÖLDÜRDÜ
_cAGATHA CHRISTIE
260 _bALTIN KİTAPLAR
999 _c1199400
_d1199400